| 000 | 00688 a2200265 4500 | ||
|---|---|---|---|
| 260 | _aParis | ||
| 630 | _a91 - Geographie. Exploration de la terre, des diverses regions, des divers pays. Voyages. Geographie regionale | ||
| 650 | _a9 - GEOGRAPHIE ET HISTOIRE | ||
| 100 | _aTricart, Jean | ||
| 260 | _bMasson | ||
| 300 | _a204 p. | ||
| 245 | _aGéomorphologie applicable | ||
| 650 | _aGéomorphologie | ||
| 650 | _aGéographie appliquée | ||
| 260 | _c1978 | ||
| 300 | _b24 cm | ||
| 100 | _lFr | ||
| 440 | _aCollection de Géographie Applicable | ||
| 037 | _aL4765 | ||
| 037 | _aL4766 | ||
| 440 | _x0338-2648 | ||
| 020 | _a2-225-71390-1 | ||
| 999 |
_c35302 _d35302 |
||